000 00836nam a2200277 a 4500
001 25776
003 CO-ViMGA
008 141112s2004 ck r 000 u spa d
020 _a9789588654768
040 _aCO-ViMGA
_bspa
_cCO-ViMGA
041 _aSPA
090 _aC GAL1
100 1 _aGaleano, Eduardo, 1940 -
_939864
245 1 0 _aLos sueños de Helena /
_cEduardo Galeano ; ilustraciones Isidro Ferrer
250 _a1a ed., 1a reimpr.
260 _aBogotá :
_bLibros del Zorro Rojo,
_c2012
300 _a59 p. : il. col.
490 _aIllustrata
500 _aIncluye índice.
650 1 4 _aAUTORES URUGUAYOS
_939865
650 1 4 _aCUENTOS URUGUAYOS - SIGLO XX
_939866
650 1 4 _aDESDE LOS 15 AÑOS
_91079
650 1 4 _aILUSTRADORES ESPAÑOLES
_939867
700 1 _aFerrer, Isidro, 1963 -
_939868
942 _2ddc
_cBK
999 _c5342
_d5342